Backwards Word Search (Countries) Quiz Stats

 Plays Quiz Retired Jul 7, 2021

Support Sporcle.
Go Orange.
Score 0/60 Timer 08:00
0 Plays Today
Col1 Col2 % Correct


---
100%


---
100%


---
100%


---
100%


---
100%


---
100%


---
99.9%


----
99.9%


‌P‌
98.2%


‌S‌
97.6%


‌A‌
97.5%


‌Q‌
97.4%


‌A‌
76.8%


‌R‌
73.9%


‌T‌
71%


‌A‌
71%


‌A‌
57.8%


‌N‌
55.6%


‌A‌
51.9%


‌I‌
49.8%


‌A‌
49.2%


‌M‌
48.2%


‌R‌
44.9%


‌K‌
44.3%


‌A‌
42.5%


‌S‌
42.5%


‌T‌
42.5%


‌A‌
42.5%


‌N‌
42.5%


‌N‌
40.4%
Col1 Col2 % Correct


‌I‌
40.4%


‌M‌
35.8%


‌Y‌
35.4%


‌M‌
34.3%


‌A‌
33.4%


‌N‌
32.8%


‌A‌
32.5%


‌N‌
32.5%


‌O‌
32.5%


‌A‌
31%


‌E‌
31%


‌M‌
30.2%


‌S‌
29.9%


‌R‌
29.9%


‌E‌
29.9%


‌L‌
29.9%


‌A‌
29.8%


‌L‌
29.8%


‌A‌
29.8%


‌U‌
29.8%


‌I‌
26.1%


‌L‌
26.1%


‌D‌
24.3%


‌W‌
24.3%


‌N‌
22.7%


‌A‌
22%


‌O‌
22%


‌O‌
19.1%


‌C‌
19.1%


‌O‌
19.1%

From the Vault

Baby Names: 'J' Boy Names by Decade

by triplet_3

After 2000 years, Judas has yet to make a comeback.
Remove Ads.
Support Sporcle.
Get the best of Sporcle when you Go Orange. This ad-free experience offers more features, more stats, and more fun while also helping to support Sporcle. Thank you for becoming a member.

Show Comments

Extras

Top Quizzes Today


Score Distribution

Your Account Isn't Verified!

In order to create a playlist on Sporcle, you need to verify the email address you used during registration. Go to your Sporcle Settings to finish the process.

Report this User

Report this user for behavior that violates our Community Guidelines.

Details: